00315pab a2200121 454500008004000000100001800040245006500058260000900123300001400132362000800146650001000154773002900164180718b2003 xxu||||| |||| 00| 0 eng d aSlemrod, Joel aThanatology and economics: the behavioral economics of death c2003 ap.371-75. aMay aDeath aAmerican Economic Review